000 00669nam a2200241Ia 4500
003 OSt
005 20220918184107.0
006 a|||||r|||| 00| 0
007 ta
008 220917b |||||||| |||| 00| 0 eng d
024 _a44,479
037 _cTextual
040 _aARTS
_cARTS
_beng
041 _2eng
_aeng
082 _aO11196,6xN, K4
100 _aRive Richard comp & ed
_964536
245 0 _aModern African prose
_b An anthology
260 _aLondon
_bHeinemann
_c1964
490 _aAfrican writers series
650 _aAFRICAN LITERATURE
942 _hO11196,6xN, K4
_cTEXL
_2CC
999 _c175127
_d175127